000 00581nam a22001817a 4500
999 _c61710
_d61710
005 20240419113144.0
008 240419s1902 enk||||| |||| 00| 0 eng d
020 _a9780548200612x
041 _aeng
080 _a611-013 H-49
100 _aHeisler, John Clement
_921882
245 _aA Textbook Of Embryology :
_bFor Students Of Medicine /
_cJohn Clement Heisler.
264 _aPhiladelphia :
_bW. B. Saunders,
_c1902.
300 _a405 p.:
_bill.;
_c24 cm.
653 _aემბრიოლოგია
653 _aმედიცინა
942 _2udc
_cᲬᲘᲒᲜᲘ